10+ Matches WC - Statistics

General Stats
  • This quiz has been taken 104 times
  • The average score is 188 of 404
Answer Stats
Country Caps Answer % Correct
22 Cristiano Ronaldo
100%
26 Lionel Messi
100%
19 Ronaldo
100%
13 Gerd Müller
94%
14 Gianluigi Buffon
94%
10 Müller
94%
19 Thomas Müller
94%
10 Ronaldinho
91%
21 Diego Maradona
88%
15 Xavi
88%
11 Andrea Pirlo
85%
14 Fernando Torres
85%
17 Iker Casillas
85%
14 Iniesta
85%
14 Ji-Sung Park
85%
16 Luis Suaréz
85%
19 Luka Modríc
85%
24 Miroslav Klose
85%
20 Philipp Lahm
85%
17 Sergio Ramos
85%
15 Arjen Robben
82%
11 Frank de Boer
82%
18 Franz Beckenbauer
82%
16 Gilberto Silva
82%
14 Kylian Mbappé
82%
25 Lothar Matthäus
82%
19 Manuel Neuer
82%
16 Mesut Özil
82%
14 Rivaldo
82%
17 Robin Van Persie
82%
15 Thiago Silva
82%
11 Wayne Rooney
82%
12 Xherdan Shaqiri
82%
12 Zinédine Zidane
82%
18 Ángel Di María
79%
20 Bastian Schweinsteiger
79%
13 Eden Hazard
79%
17 Édinson Cavani
79%
13 Neymar
79%
23 Paolo Maldini
79%
14 Pelé
79%
12 Piqué
79%
14 Puyol
79%
19 Rafael Márquez
79%
17 Thierry Henry
79%
12 Alessandro Del Piero
76%
20 Cafú
76%
10 Diego Forlán
76%
10 Frank Lampard
76%
10 Heung-min Son
76%
20 Hugo Lloris
76%
12 Javier Hernández
76%
10 Jung-hwan Ahn
76%
13 Kevin De Bruyne
76%
12 Romelu Lukaku
76%
10 Cesc Fàbregas
74%
17 Dino Zoff
74%
17 Fabien Barthez
74%
18 Fabio Cannavaro
74%
11 Francesco Totti
74%
11 Harry Kane
74%
14 Jérôme Boateng
74%
10 Joel Campbell
74%
12 Maximiliano Rodríguez
74%
14 Paolo Rossi
74%
16 Roberto Baggio
74%
17 Roberto Carlos
74%
17 Sergio Busquets
74%
10 Sol Campbell
74%
13 Xabi Alonso
74%
19 Antoine Griezmann
71%
14 Ashley Cole
71%
12 Daley Blind
71%
12 David Villa
71%
12 Dino Baggio
71%
12 Gabriel Batistuta
71%
14 Jan Vertonghen
71%
20 Javier Mascherano
71%
17 Jürgen Klinsmann
71%
11 Paul Pogba
71%
12 Ricardo Rodríguez
71%
10 Rio Ferdinand
71%
14 Sami Khedira
71%
12 Sergio Agüero
71%
12 Steven Gerrard
71%
15 Thibaut Courtois
71%
14 Toni Kroos
71%
13 David Beckham
68%
12 David Trezeguet
68%
12 Garrincha
68%
10 Hristo Stoichkov
68%
17 Ivan Perišić
68%
11 Jordi Alba
68%
19 Karl-Heinz Rummenigge
68%
12 Landon Donovan
68%
16 Lilian Thuram
68%
15 Lukas Podolski
68%
12 Pepe
68%
17 Wesley Sneijder
68%
12 Dennis Bergkamp
65%
16 Diego Godín
65%
10 Franck Ribéry
65%
12 Harry Maguire
65%
10 Ivan Rakitić
65%
10 Keisuke Honda
65%
11 Keylor Navas
65%
11 Nigel de Jong
65%
18 Olivier Giroud
65%
11 Raúl
65%
14 Zico
65%
16 Andreas Brehme
62%
10 Clint Dempsey
62%
11 Dani Alves
62%
18 Dunga
62%
16 Fernando Muslera
62%
10 Franco Baresi
62%
12 Gary Lineker
62%
14 Gonzalo Higuaín
62%
12 Granit Xhaka
62%
12 Hierro
62%
12 Jordan Pickford
62%
12 Michael Owen
62%
12 Patrick Vieira
62%
15 Rudi Völler
62%
12 Sergio Romero
62%
15 Bebeto
59%
14 Bobby Charlton
59%
11 Bo Larsson
59%
20 Grzegorz Lato
59%
13 Henrik Larsson
59%
10 Kaká
59%
10 Luís Figo
59%
10 Marcel Desailly
59%
10 Marouane Fellaini
59%
11 Michael Ballack
59%
11 Nam-Il Kim
59%
14 Nicolás Otamendi
59%
14 Paul Breitner
59%
12 Raheem Sterling
59%
10 Tae-Young Kim
59%
13 Toby Alderweireld
59%
10 Young-gwon Kim
59%
16 Zbigniew Boniek
59%
14 Bobby Moore
56%
13 Dries Mertens
56%
12 Gheorghe Hagi
56%
13 Lev Yashin
56%
18 Mario Kempes
56%
15 Mateo Kovačić
56%
19 Per Mertesacker
56%
18 Raphaël Varane
56%
10 William Gallas
56%
11 Asamoah Gyan
53%
10 Blaise Matuidi
53%
16 Dejan Lovren
53%
13 Gianluca Zambrotta
53%
12 John Stones
53%
11 Jordan Henderson
53%
11 Juan Sebastián Verón
53%
11 Marcus Rashford
53%
14 Michel Platini
53%
17 Peter Shilton
53%
12 Roque Santa Cruz
53%
18 Sepp Maier
53%
18 Cláudio Taffarel
50%
12 Daniel Passarella
50%
11 Demetrio Albertini
50%
18 Gaetano Scirea
50%
10 Giovanni van Bronckhorst
50%
16 Jairzinho
50%
13 Marcelo Brozović
50%
13 Marco Tardelli
50%
10 Mark van Bommel
50%
10 Roger Milla
50%
10 Sócrates
50%
14 Toni Schumacher
50%
19 Berti Vogts
47%
11 Cuauhtémoc Blanco
47%
11 Edwin van der Sar
47%
14 Émerson Leão
47%
17 Enzo Scifo
47%
12 Johan Neeskens
47%
12 Júlio César
47%
10 Marcelo
47%
12 Oscar
47%
11 Ousmane Dembélé
47%
10 Ricardo Carvalho
47%
12 Sandro Mazzola
47%
21 Uwe Seeler
47%
10 William Carvalho
47%
16 Zubizarreta
47%
12 Alain Giresse
44%
13 Arie Haan
44%
16 Giuseppe Bergomi
44%
12 Jean Tigana
44%
14 Johnny Rep
44%
10 José Giménez
44%
13 Kazimierz Deyna
44%
11 Phillip Cocu
44%
15 Rivelino
44%
10 Roberto Ayala
44%
14 Ruud Krol
44%
13 Torsten Frings
44%
13 Aldair
41%
11 Alessandro Costacurta
41%
10 André Ayew
41%
18 Antonio Cabrini
41%
10 Carlos Valderrama
41%
13 Christoph Metzelder
41%
10 Chun-Soo Lee
41%
13 Claudio Gentile
41%
12 Djalma Santos
41%
10 Dominique Rocheteau
41%
11 Fritz Walter
41%
11 Guillermo Ochoa
41%
10 Hakim Ziyech
41%
10 Hans Krankl
41%
10 Helmut Rahn
41%
16 Jan Ceulemans
41%
14 Jorge Burruchaga
41%
13 Jürgen Kohler
41%
17 Karl-Heinz Schnellinger
41%
17 Lúcio
41%
11 Marc Overmars
41%
12 Mário Zagallo
41%
10 Marius Trésor
41%
10 Nico Tagliafico
41%
15 Nilton Santos
41%
10 Oliver Bierhoff
41%
11 Osvaldo Ardiles
41%
18 Pierre Littbarski
41%
18 Thomas Berthold
41%
10 Vavá
41%
21 Władysław Żmuda
41%
19 Wolfang Overath
41%
11 Woon-jae Lee
41%
12 Young-Pyo Lee
41%
10 Achraf Hakimi
38%
14 Andrej Kramarić
38%
14 Bernd Schneider
38%
11 Daniel Bertoni
38%
10 Guido Buchwald
38%
13 Hans-Peter Briegel
38%
15 Hans Schäfer
38%
11 Herbert Prohaska
38%
10 Júnior
38%
10 Krasimir Balakov
38%
10 Nacer Chadli
38%
16 Óscar Ruggeri
38%
11 Ramires
38%
13 Rob Rensenbrink
38%
14 Thomas Häßler
38%
14 Wim Jansen
38%
15 Yuto Nagatomo
38%
13 Andrzej Szarmach
35%
13 Arne Friedrich
35%
12 Bodo Illgner
35%
11 Bruno Conti
35%
11 Cobi Jones
35%
15 Didí
35%
10 Didier Six
35%
11 Dietmar Hamann
35%
13 Gheorghe Popescu
35%
12 Giacinto Facchetti
35%
10 Haris Seferović
35%
10 Josef Masopust
35%
10 Juan
35%
14 Karlheinz Förster
35%
11 Leonardo
35%
12 Luis Enrique
35%
15 Maxime Bossis
35%
13 Oliver Neuville
35%
11 Roberto Donadoni
35%
11 Tarcisio Burgnich
35%
13 Teófilo Cubillas
35%
14 Terry Butcher
35%
10 Thomas Ravelli
35%
10 Tomas Brolin
35%
10 Valon Behrami
35%
11 Ariel Ortega
32%
10 Brian McBride
32%
12 Jan Jongbloed
32%
11 Jorginho
32%
12 Julio Salinas
32%
11 Klaus Fischer
32%
11 Paulinho
32%
10 Rainer Bonhof
32%
12 René Houseman
32%
11 Roberto Acuña
32%
10 Shinji Okazaki
32%
10 Sun-Hong Hwang
32%
10 Sylvain Wiltord
32%
10 Willian
32%
13 Axel Witsel
29%
12 Branco
29%
15 Dirk Kuyt
29%
10 Fernandinho
29%
15 Franky Van Der Elst
29%
10 Jens Jeremies
29%
10 John Heitinga
29%
12 Julio Olarticoechea
29%
10 Mathew Ryan
29%
11 Simão
29%
10 Stephan Lichtsteiner
29%
13 Steve Staunton
29%
13 Ubaldo Fillol
29%
12 Alberto Tarantini
26%
13 Andrés Guardado
26%
10 Billy Wright
26%
11 Diego Simeone
26%
10 Emil Kostadinov
26%
10 Felix Magath
26%
11 Georges Grün
26%
14 Gilmar
26%
10 Hector Chumpitaz
26%
10 Horst-Dieter Höttges
26%
11 Jan Tomaszewski
26%
10 Kalle Svensson
26%
13 Manfred Kaltz
26%
12 Martín Cáceres
26%
10 Maximiliano Pereira
26%
11 Patrick Battiston
26%
10 Roland Nilsson
26%
13 Willi Schulz
26%
11 Friedl Koncilia
24%
10 Héctor Herrera
24%
10 Hidetoshi Nakata
24%
10 Horst Szymaniak
24%
10 Jean-Marie Pfaff
24%
11 Jürgen Grabowski
24%
10 Klas Ingesson
24%
12 Manuel Amoros
24%
11 Martin Jørgensen
24%
16 Myung-Bo Hong
24%
11 Nasko Sirakov
24%
11 Nicola Berti
24%
11 Sergio Batista
24%
11 Wim Jonk
24%
11 Wim Suurbier
24%
10 Włodzimierz Smolarek
24%
11 Bruno Pezzey
21%
10 Claudio Reyna
21%
11 DaMarcus Beasley
21%
11 Dario Šimić
21%
12 Dirceu
21%
11 François Omam-Biyik
21%
11 Frank Vercauteren
21%
10 Freddy Rincón
21%
11 Giancarlo Antognoni
21%
10 Gianluca Pagliuca
21%
12 Jorge Olguin
21%
12 Ladislav Novák
21%
11 Makoto Hasebe
21%
10 Mathew Leckie
21%
10 Wim Rijsbergen
21%
10 Zito
21%
11 Boris Mihailov
18%
11 Celso Borges
18%
12 Ferenc Sipos
18%
11 Gyula Grosics
18%
10 Horst Eckel
18%
10 Joseph Yobo
18%
11 Maya Yoshida
18%
10 Ray Wilson
18%
/ 11 Robert Jarni
18%
12 Denilson
15%
11 Earnie Stewart
15%
11 Eiji Kawashima
15%
12 Eric Gerets
15%
11 Erich Obermayer
15%
12 Jerzy Gorgoń
15%
10 Ronnie Hellström
15%
10 Björn Nordqvist
12%
11 Egidio Arévalo Ríos
12%
10 Francesco Graziani
12%
11 Franco Causio
12%
12 Luis Galván
12%
10 Michel De Wolf
12%
10 Pedro Rocha
12%
11 Ricardo Giusti
12%
11 Américo Gallego
9%
11 Antonio Carbajal
9%
10 Camacho
9%
10 Carlos Salcido
9%
11 Chris Waddle
9%
10 Fernando De Napoli
9%
12 Héctor Moreno
9%
10 Mohammed Al-Deayea
9%
10 Sang-Chul Yoo
9%
11 Stefan Majewski
9%
10 Toninho Cerezo
9%
11 Gerardo Torrado
6%
13 Henryk Kasperczak
6%
10 Herbert Erhardt
6%
12 Sándor Mátrai
6%
11 Stéphane Demol
6%
10 Julio Cortés
3%
13 Ladislao Mazurkiewicz
3%
13 Antoni Szymanowski
0%
11 Carlos Gamarra
0%
12 Denis Caniza
0%
11 Józef Młynarczyk
0%
10 Luis Ubiña
0%
10 Vladimir Bezsonov
0%
No matching quizzes found
Score Distribution
Percent of People with Each Score
Percentile by Number Answered
Your Score History
You have not taken this quiz